000 00564nam a22001817a 4500
005 20140917112849.0
010 _aENG-110875
020 _a9789351431847
_c295.00
035 _aEN-94407
037 _bDBAD/PUB
082 _a343.54071
100 _aTiwari, Garima
245 _aUnderstanding laws :
_cby Garima Tiwari
_bconsumer rights /
260 _aGurgaon
_bLexis Nexis
_c2014
270 _a14th Floor, Building No.10, Tower-B, DLF Cyber City, Phase-II
_bGurgaon
_e122002
300 _ax,113p.
_c22cm(pbk)
942 _2ddc
_cEN
_mTIW
_h343.54071
999 _c88707
_d88707